000
00313nam a2200133Ia 4500
005
20251222154352.0
008
251222s9999||||xx |||||||||||||| ||spa||
020
_a
978-612-302-195-5
082
_a
985/F18
100
_a
"Falcén Vera, Nathali"
245
0
_a
Historia del Perú
250
_a
2a.ed.
942
_c
LIB
999
_c
34934
_d
34934